José María Velasco (Record no. 1385)

MARC details
000 -CABECERA
campo de control de longitud fija 01546nam a2200349 a 4500
001 - NÚMERO DE CONTROL
campo de control BRCA_1540
005 - FECHA Y HORA DE LA ÚLTIMA TRANSACCIÓN
campo de control 20190320203450.0
008 - DATOS DE LONGITUD FIJA--INFORMACIÓN GENERAL
campo de control de longitud fija 930816s1993 mx-a---##b---#000-0#spa-#
020 ## - NÚMERO INTERNACIONAL ESTÁNDAR DEL LIBRO
Número Internacional Estándar del Libro 9682948657 (Obra completa)
040 ## - FUENTE DE LA CATALOGACIÓN
Centro catalogador/agencia de origen DLC
Centro/agencia transcriptor DLC
041 ## - CÓDIGO DE LENGUA
Código de lengua del texto/banda sonora o título independiente spa
044 ## - CÓDIGO DEL PAÍS DE LA ENTIDAD EDITORA/PRODUCTORA
Código MARC del país mx
050 #4 - SIGNATURA TOPOGRÁFICA DE LA BIBLIOTECA DEL CONGRESO
Número de clasificación ND259.V4
Número de documento/Ítem .A48 1993
100 1# - ENTRADA PRINCIPAL--NOMBRE DE PERSONA
Nombre de persona Altamirano Piolle, María Elena
9 (RLIN) 4960
245 10 - MENCIÓN DE TÍTULO
Título José María Velasco
Resto del título 1840-1912, homenaje nacional
Mención de responsabilidad, etc. María Elena Altamirano Piolle ; introducción Fausto Ramírez ; prólogo Xavier Moyssén.
250 ## - MENCIÓN DE EDICIÓN
Mención de edición 2
260 ## - PUBLICACIÓN, DISTRIBUCIÓN, ETC.
Lugar de publicación, distribución, etc. [México]
Nombre del editor, distribuidor, etc. Amigos del Museo Nacional de Arte
Fecha de publicación, distribución, etc. 1993
300 ## - DESCRIPCIÓN FÍSICA
Extensión 2 v.
Otras características físicas il. (algunas a color)
Dimensiones 33 cm.
Material acompañante/anejo [1 addenda (27 p.)]
500 ## - NOTA GENERAL
Nota general Catálogo de la exposición realizada en el Museo Nacional de Arte (Ciudad de México), julio - octubre, 1993
500 ## - NOTA GENERAL
Nota general Incluye apéndice documental : cuadros originales de paisaje pintados por José María Velasco
500 ## - NOTA GENERAL
Nota general Incluye piezas de la colección Franz Mayer: p. 472
501 ## - NOTA DE "CON"
Nota de “Con” Con : José María Velasco : paisajes de luz, horizontes de modernidad / María Elena Altamirano Piolle
504 ## - NOTA DE BIBLIOGRAFÍA, ETC.
Nota de bibliografía, etc. Bibliografía: p. 531-535 (v.2)
600 14 - PUNTO DE ACCESO ADICIONAL DE MATERIA--NOMBRE DE PERSONA
Nombre de persona Velasco, José María
Fechas asociadas al nombre 1840-1912
Subdivisión de forma Exposiciones
9 (RLIN) 4961
600 14 - PUNTO DE ACCESO ADICIONAL DE MATERIA--NOMBRE DE PERSONA
Nombre de persona Landesio, Eugenio
Fechas asociadas al nombre 1810-1879
9 (RLIN) 4962
610 24 - PUNTO DE ACCESO ADICIONAL DE MATERIA--NOMBRE DE ENTIDAD CORPORATIVA
Nombre de entidad corporativa o nombre de jurisdicción como elemento de entrada Academia de San Carlos (Ciudad de México)
9 (RLIN) 4963
650 14 - PUNTO DE ACCESO ADICIONAL DE MATERIA--TÉRMINO DE MATERIA
Término de materia o nombre geográfico como elemento de entrada Pintura de paisajes
Subdivisión cronológica Siglo XIX
Subdivisión geográfica México
9 (RLIN) 108
700 1# - PUNTO DE ACCESO ADICIONAL--NOMBRE DE PERSONA
Nombre de persona Velasco, José María
Fechas asociadas al nombre 1840-1912
9 (RLIN) 4964
700 1# - PUNTO DE ACCESO ADICIONAL--NOMBRE DE PERSONA
Nombre de persona Moyssén, Xavier
9 (RLIN) 3873
700 1# - PUNTO DE ACCESO ADICIONAL--NOMBRE DE PERSONA
Nombre de persona Ramírez, Fausto
9 (RLIN) 4704
942 ## - ELEMENTOS DE PUNTO DE ACCESO ADICIONAL (KOHA)
Fuente del sistema de clasificación o colocación Library of Congress Classification
Tipo de ítem Koha Libros
Holdings
Estado de retiro Estado de pérdida Estado dañado No para préstamo Localización permanente Ubicación/localización actual Fecha de adquisición Total de préstamos Signatura topográfica completa Código de barras Fecha visto por última vez Precio válido a partir de Tipo de ítem Koha Código de colección
El ejemplar forma parte de la colección y puede ser consultado según las políticas vigentes.       Biblioteca del Museo Franz Mayer (Rogerio Casas-Alatriste) Biblioteca del Museo Franz Mayer (Rogerio Casas-Alatriste) 26/06/2008   ND259.V4 .A48 1993 02097 22/03/2019 22/03/2019 Libros  
El ejemplar forma parte de la colección y puede ser consultado según las políticas vigentes.       Biblioteca del Museo Franz Mayer (Rogerio Casas-Alatriste) Biblioteca del Museo Franz Mayer (Rogerio Casas-Alatriste) 05/11/2010   ND259.V4 .A48 1993 02098 22/03/2019 22/03/2019 Libros Acervo General